GUESS THAT CONAN GRAY SONG (no hints) - Statistics

General Stats
  • This quiz has been taken 116 times
  • The average score is 87 of 181
Answer Stats
Answer % Correct
You
96%
you
96%
the
84%
The
84%
me
77%
your
75%
Your
75%
love
73%
It
66%
it
66%
when
66%
And
62%
and
62%
to
60%
in
59%
is
58%
on
58%
You're
53%
all
49%
don't
49%
have
49%
of
49%
like
45%
with
45%
as
44%
was
44%
But
42%
heat
42%
see
41%
Oh
40%
child
38%
for
38%
summer
38%
up
37%
way
36%
just
34%
sun
34%
act
33%
even
33%
kiss
33%
too
33%
care
32%
dark
30%
eyes
30%
feel
30%
arms
29%
color
29%
degree
29%
favorite
29%
green
29%
mean
29%
sleep
29%
cover
27%
drives
27%
flowers
27%
hundred
27%
lying
27%
really
27%
sleeves
27%
take
27%
three
27%
wild
27%
father
26%
I'll
26%
laugh
26%
reminds
26%
scared
26%
turned
26%
watch
26%
mild
25%
Runnin
25%
Aren't
23%
aren't
23%
awfully
23%
smile
23%
through
23%
hug
22%
street
22%
weeds
22%
there's
21%
those
21%
behind
19%
dance
19%
darkness
19%
goes
19%
wind
19%
yourself
19%
deep
18%
oceans
18%
pretty
18%
sway
18%
trees
18%
busy
16%
everybody
16%
missing
16%
sprinklers
16%
takin'
16%
weep
15%
No matching quizzes found
Score Distribution
Percent of People with Each Score
Percentile by Number Answered
Your Score History
You have not taken this quiz